Представление документа в формате RUSMARC

ПолеНазваниеЗначение
  Тип записи a
  Библиографический уровень m
001 Контрольный номер RU/REG73/CBS_GRAD/654541103
005 Дата корректировки 20221122154844.6
010 Индекс ISBN __
a ISBN 978-5-389-10244-6
101 Язык документа __
a Язык текста rus
200 Заглавие и сведения об ответственности __
a Заглавие Белый Бим Черное ухо
e Сведения, относящиеся к заглавию повесть
f Первые сведения об ответственности Гавриил Троепольский; вступительная статья Д.Рогожкина; художник М.Желудков
b Общее обозначение материала Текст
203 Вид содержания и тип средства __
a Вид содержания Текст (визуальный) : непосредственный
210 Выходные данные __
a Место издания Москва
c Издательство Махаон , Азбука-Аттикус
d Дата издания 2020
215 Физическое описание __
a Объем 256с.: ил.
225 Серия __
a Серия Чтение-лучшее учение
610 Ключевые слова __
a Ключевые слова для среднего школьного возраста
686 Индексы других классификаций __
a Классификационный индекс 84(2 Рос=Рус)
700 Автор __
a Фамилия Троепольский
g Полное личное имя Гавриил Николаевич
801 Источник записи _0
a Страна RU
b Организация RuCBSGrad
g Правила каталогизации PSBO
801 Источник записи _1
a Страна RU
b Организация RuCBSGrad
g Правила каталогизации PSBO
901 Тип документа __
t Тип документа m
981 __
b i
g e
2 isbdcontent
982 __
b n
2 isbdmedia
993 __
a 19560
b 8137
c 42
e 280944
f ЦГДБ
h 112.00
i 280944
m 1
n 44101.5786
o I
x 1
y 1
z 84(2 Рос=Рус)
993 __
a 19561
b 8137
c 42
e 280945
f ЦГДБ
h 112.00
i 280945
m 1
n 44101.5786
o I
x 1
y 1
z 84(2 Рос=Рус)
993 __
a 19562
b 8137
c 42
e 280946
f ЦГДБ
h 112.00
i 280946
m 1
n 44101.5786
o I
x 1
y 1
z 84(2 Рос=Рус)